000 00614nam a2200217Ia 4500
003 OSt
005 20220924121823.0
006 a|||||r|||| 00| 0
007 ta
008 220923b |||||||| |||| 00| 0 urd d
024 _a307719
037 _cTextual
040 _aARTS
_cARTS
_burd
041 _2urd
_aurd
082 _aDelta73xL27,1, 16K0
100 _aAbdullah Mohammad Salim
_9187418
245 0 _aFauzul kabeer fiusoolit afseer
260 _aKarachi
_bUrdu Acadmi
_c1960
942 _hDelta73xL27,1, 16K0
_cTEXL
_2CC
999 _c409184
_d409184